[Event "2. BUNDESLIGA MITTE 2019/2020"]
[Site "Linz"]
[Date "2019.10.12"]
[Round "2"]
[Board "6"]
[White "Stradner, Stefan"]
[Black "Salvenmoser, Stefan"]
[Result "0-1"]
[WhiteElo "2125"]
[BlackElo "2275"]
[PlyCount "122"]
[EventDate "2019.10.11"]
[EventType "team"]
[EventRounds "11"]
[EventCountry "AUT"]
[WhiteTeam "SPG Fuerstenfeld/Hartberg 2"]
[BlackTeam "SPG Sparkasse SEDDA Grieskirchen/Schalle"]

1. d4 Nf6 2. Bf4 g6 3. Nc3 d5 4. e3 c6 5. Nf3 Bg7 6. Ne5 Nh5 7. Qf3 f6 8. Nxg6
hxg6 9. Bxb8 Rxb8 10. g4 Be6 11. gxh5 Rxh5 12. Bd3 Bf7 13. Rg1 f5 14. Qg3 Qd6
15. Qxd6 exd6 16. Ne2 Bf6 17. Rg2 Ke7 18. O-O-O Rbh8 19. Nf4 R5h6 20. Rdg1 g5
21. Ne2 Bg6 22. Ng3 f4 23. exf4 gxf4 24. Bxg6 fxg3 25. Rxg3 Bxd4 26. Rf3 Rf8
27. Rxf8 Kxf8 28. Rg2 Be5 29. c3 d4 30. cxd4 Bxd4 31. Kc2 Be5 32. Bd3 Kf7 33.
Bf5 Bxh2 34. Bc8 b5 35. Bb7 d5 36. Bc8 Be5 37. Bg4 Rf6 38. f3 Rf4 39. b3 Ke7
40. Bh5 Rh4 41. Bg4 Rh1 42. Kd3 c5 43. Re2 c4+ 44. bxc4 bxc4+ 45. Kc2 Kd6 46.
f4 Bxf4 47. Re6+ Kc5 48. Ra6 Rh2+ 49. Kb1 c3 50. Bf5 Rb2+ 51. Ka1 Be5 52. Ra5+
Kb6 53. Rxd5 Rd2 54. Rxe5 Rd1+ 55. Bb1 c2 56. Re6+ Kc7 57. Re7+ Kd8 58. Rb7
c1=Q 59. Rb2 Qc3 60. a4 Rd2 61. Bh7 Qxb2#  0-1

[Event "2. BUNDESLIGA MITTE 2019/2020"]
[Site "Linz"]
[Date "2019.10.12"]
[Round "2"]
[Board "1"]
[White "Perunovic, Milos"]
[Black "Sandhoefner, Florian"]
[Result "1-0"]
[WhiteElo "2578"]
[BlackElo "2323"]
[PlyCount "97"]
[EventDate "2019.10.11"]
[EventType "team"]
[EventRounds "11"]
[EventCountry "AUT"]
[WhiteTeam "SC Pinggau-Friedberg"]
[BlackTeam "ASK St. Valentin"]

1. e4 c5 2. Nc3 e6 3. Nf3 a6 4. d4 cxd4 5. Nxd4 Qc7 6. Qf3 Nc6 7. Nxc6 dxc6 8.
Qg3 Qxg3 9. hxg3 e5 10. Na4 Be6 11. Be3 Nf6 12. Nb6 Rd8 13. f3 Bd6 14. a4 Nd7
15. Nc4 Bxc4 16. Bxc4 Bc5 17. Bd2 Nb6 18. Bb3 Ke7 19. Ke2 f6 20. a5 Nc8 21. Rh4
Na7 22. f4 Nb5 23. c3 exf4 24. gxf4 Nd6 25. Bc2 Nc4 26. Bc1 h6 27. Rh5 Ba7 28.
e5 fxe5 29. Ra4 Nd6 30. fxe5 Nf7 31. Rb4 Rb8 32. Rf5 Rhf8 33. Bb3 Nd8 34. Rxf8
Kxf8 35. Bf4 Ke7 36. e6 Rc8 37. Be5 c5 38. Re4 Nc6 39. Bxg7 Nxa5 40. Bd5 b5 41.
Rf4 Kd6 42. Rf8 Rc7 43. Rf7 Nc6 44. Bxc6 Rxc6 45. e7 Kd7 46. e8=Q+ Kxe8 47.
Rxa7 Rg6 48. Kf3 Rd6 49. g4  1-0

[Event "2. BUNDESLIGA MITTE 2019/2020"]
[Site "Linz"]
[Date "2019.10.12"]
[Round "2"]
[Board "2"]
[White "Hajnal, Zoltan"]
[Black "Ftacnik, Lubomir"]
[Result "0-1"]
[WhiteElo "2386"]
[BlackElo "2521"]
[PlyCount "82"]
[EventDate "2019.10.11"]
[EventType "team"]
[EventRounds "11"]
[EventCountry "AUT"]
[WhiteTeam "ASK St. Valentin"]
[BlackTeam "SC Pinggau-Friedberg"]

1. e4 c5 2. Nf3 d6 3. d4 cxd4 4. Nxd4 Nf6 5. Nc3 a6 6. Be3 e5 7. Nb3 Be6 8. h3
Be7 9. Qf3 b5 10. O-O-O b4 11. Nd5 Nxd5 12. exd5 Bc8 13. g4 O-O 14. Bd3 a5 15.
Kb1 Ba6 16. Nd2 Nd7 17. h4 a4 18. Ne4 b3 19. cxb3 axb3 20. a3 Qc8 21. Qe2 f5
22. gxf5 Nf6 23. Ng3 Qb7 24. Bg5 Bxd3+ 25. Rxd3 Ra4 26. Bxf6 Bxf6 27. Ne4 Rd4
28. Rxd4 exd4 29. Nxf6+ Rxf6 30. Qe8+ Rf8 31. Qe6+ Kh8 32. Qxd6 Qc8 33. Ka1
Qxf5 34. Rd1 Qf3 35. Rc1 d3 36. Qb4 h6 37. d6 Qd5 38. Qb6 Rf6 39. Rc8+ Kh7 40.
d7 Rd6 41. Qb4 d2  0-1

[Event "2. BUNDESLIGA MITTE 2019/2020"]
[Site "Linz"]
[Date "2019.10.12"]
[Round "2"]
[Board "3"]
[White "Milanovic, Danilo"]
[Black "Breneis, Lukas"]
[Result "1-0"]
[WhiteElo "2455"]
[BlackElo "2240"]
[PlyCount "73"]
[EventDate "2019.10.11"]
[EventType "team"]
[EventRounds "11"]
[EventCountry "AUT"]
[WhiteTeam "SC Pinggau-Friedberg"]
[BlackTeam "ASK St. Valentin"]

1. d4 Nf6 2. Nf3 c5 3. d5 b5 4. Bg5 d6 5. Bxf6 gxf6 6. e4 a6 7. a4 bxa4 8. Rxa4
Nd7 9. Nbd2 Bg7 10. Ra2 Nb6 11. Bd3 Qc7 12. c4 e6 13. O-O Nd7 14. Ne1 exd5 15.
exd5 Ne5 16. Bc2 h5 17. Ra3 h4 18. f4 Bg4 19. Qb1 Nd7 20. Bf5 Bxf5 21. Qxf5 Kf8
22. Nef3 Re8 23. Rxa6 Nb8 24. Ra3 h3 25. g3 Qb6 26. Rb3 Qa5 27. Kf2 Na6 28. Rb7
Nc7 29. g4 Bh6 30. Ne4 Qa4 31. Nxd6 Bxf4 32. Qxf4 Qc2+ 33. Qd2 Qg6 34. Rxc7 f5
35. Nxe8 fxg4 36. Qf4 g3+ 37. hxg3  1-0

[Event "2. BUNDESLIGA MITTE 2019/2020"]
[Site "Linz"]
[Date "2019.10.12"]
[Round "2"]
[Board "4"]
[White "Heimberger, Reinhard"]
[Black "Schnider, Gert"]
[Result "1/2-1/2"]
[WhiteElo "2238"]
[BlackElo "2423"]
[PlyCount "60"]
[EventDate "2019.10.11"]
[EventType "team"]
[EventRounds "11"]
[EventCountry "AUT"]
[WhiteTeam "ASK St. Valentin"]
[BlackTeam "SC Pinggau-Friedberg"]

1. c4 e6 2. b3 d5 3. Bb2 Nf6 4. Nf3 Be7 5. g3 O-O 6. Bg2 c5 7. O-O d4 8. e3 Nc6
9. exd4 cxd4 10. Re1 Re8 11. d3 Bc5 12. Ba3 Qd6 13. Bxc5 Qxc5 14. a3 a5 15. b4
Qd6 16. b5 Nb8 17. Ne5 Nbd7 18. f4 Nc5 19. Nd2 Nfd7 20. Ne4 Nxe4 21. Bxe4 Nf8
22. Qh5 Qe7 23. Bg2 Rd8 24. a4 f6 25. Ng4 Bd7 26. Nf2 Be8 27. Qf3 Rd7 28. f5 e5
29. Ne4 Bf7 30. g4 Rc7  1/2-1/2

[Event "2. BUNDESLIGA MITTE 2019/2020"]
[Site "Linz"]
[Date "2019.10.12"]
[Round "2"]
[Board "5"]
[White "Danner, Georg"]
[Black "Theuretzbacher, Klaus"]
[Result "1-0"]
[WhiteElo "2310"]
[BlackElo "2158"]
[PlyCount "85"]
[EventDate "2019.10.11"]
[EventType "team"]
[EventRounds "11"]
[EventCountry "AUT"]
[WhiteTeam "SC Pinggau-Friedberg"]
[BlackTeam "ASK St. Valentin"]

1. d4 Nf6 2. c4 c5 3. d5 b5 4. cxb5 e6 5. Nc3 exd5 6. Nxd5 Bb7 7. Nxf6+ Qxf6 8.
Nf3 a6 9. bxa6 Nxa6 10. g3 d5 11. Bg2 Bd6 12. Qa4+ Kf8 13. Qh4 Qxh4 14. Nxh4
Nb4 15. O-O Nc2 16. Rb1 Rxa2 17. Nf5 Be5 18. Rd1 Nb4 19. Bd2 g6 20. Ne3 Rxb2
21. Rxb2 Bxb2 22. Bxb4 cxb4 23. Nxd5 Bxd5 24. Rxd5 Ke7 25. Rb5 Bc3 26. Bd5 f6
27. e4 Rd8 28. Kg2 Rd7 29. h4 Bd2 30. Kf3 Bc3 31. Ke3 Be1 32. g4 Bc3 33. g5 Ra7
34. Rb6 fxg5 35. hxg5 Rc7 36. f4 Be1 37. f5 gxf5 38. exf5 Rc3+ 39. Ke4 Bd2 40.
f6+ Kd7 41. f7 Re3+ 42. Kd4 Bc3+ 43. Kxe3  1-0

[Event "2. BUNDESLIGA MITTE 2019/2020"]
[Site "Linz"]
[Date "2019.10.12"]
[Round "2"]
[Board "6"]
[White "Eder, Andreas"]
[Black "Schieder, Andreas"]
[Result "1-0"]
[WhiteElo "2134"]
[BlackElo "2188"]
[PlyCount "137"]
[EventDate "2019.10.11"]
[EventType "team"]
[EventRounds "11"]
[EventCountry "AUT"]
[WhiteTeam "ASK St. Valentin"]
[BlackTeam "SC Pinggau-Friedberg"]

1. d4 Nf6 2. Bf4 c5 3. e3 cxd4 4. exd4 d5 5. c3 Nc6 6. Nd2 h6 7. Bd3 g5 8. Bg3
Bg4 9. Qb3 Qc8 10. Ngf3 Bg7 11. Ne5 Be6 12. Qd1 Nd7 13. Nxd7 Bxd7 14. Qe2 O-O
15. O-O Bg4 16. Qe3 Bf5 17. Bb5 a6 18. Ba4 b5 19. Bb3 Qd7 20. Nf3 e6 21. Ne5
Nxe5 22. dxe5 Qa7 23. Qxa7 Rxa7 24. f4 Rd7 25. Rad1 Rfd8 26. Bf2 Bg4 27. Rde1
gxf4 28. Bd4 f3 29. gxf3 Bf5 30. Kf2 Kh7 31. Re2 h5 32. Bc2 Bxc2 33. Rxc2 Bh6
34. Rg1 Bf4 35. Kf1 Rg8 36. Rxg8 Kxg8 37. Rg2+ Kh7 38. Ke2 Rd8 39. Be3 Bxe5 40.
Rg5 Bf6 41. Rxh5+ Kg6 42. Rh6+ Kg7 43. Rh3 Re8 44. Rg3+ Kf8 45. Bh6+ Ke7 46.
Bg5 Bxg5 47. Rxg5 Rh8 48. Rg2 Rh4 49. Kf2 e5 50. Kg3 Rh6 51. Rd2 Ke6 52. h4 f5
53. Rh2 f4+ 54. Kf2 e4 55. h5 Ke5 56. a3 e3+ 57. Ke2 d4 58. cxd4+ Kxd4 59. Rh1
Ke5 60. Rc1 Rd6 61. Rc2 Kf6 62. Ke1 Kg5 63. Rh2 Rd2 64. Rxd2 exd2+ 65. Kxd2
Kxh5 66. Kd3 a5 67. Ke4 Kg5 68. b4 axb4 69. axb4  1-0

[Event "2. BUNDESLIGA MITTE 2019/2020"]
[Site "Linz"]
[Date "2019.10.13"]
[Round "3"]
[Board "1"]
[White "Sandhoefner, Florian"]
[Black "Mostbauer, Maximilian"]
[Result "1-0"]
[WhiteElo "2323"]
[BlackElo "2225"]
[PlyCount "93"]
[EventDate "2019.10.11"]
[EventType "team"]
[EventRounds "11"]
[EventCountry "AUT"]
[WhiteTeam "ASK St. Valentin"]
[BlackTeam "SPG Nettingsdorf/Traun"]

1. e4 e6 2. d4 d5 3. Nd2 dxe4 4. Nxe4 Nd7 5. Nf3 Ngf6 6. Nxf6+ Nxf6 7. Bd3 c5
8. dxc5 Bxc5 9. Qe2 O-O 10. O-O b6 11. Bg5 Bb7 12. Rad1 Qc7 13. Ne5 Be7 14. c4
Rad8 15. a3 Ne8 16. Bxe7 Qxe7 17. Rd2 Nf6 18. Rfd1 g6 19. Bc2 Qc7 20. f4 Rxd2
21. Qxd2 Rc8 22. Qd4 Qc5 23. b4 Qxd4+ 24. Rxd4 Kf8 25. g4 Rc7 26. g5 Nh5 27.
Bd1 f6 28. Nd7+ Ke7 29. Bxh5 fxg5 30. Ne5 gxh5 31. fxg5 h6 32. h4 hxg5 33. hxg5
Bc6 34. Kh2 Be8 35. Kg3 b5 36. c5 a5 37. Rd6 axb4 38. axb4 Ra7 39. Nc6+ Bxc6
40. Rxc6 Ra1 41. Rc7+ Ke8 42. Kf4 Rg1 43. Rh7 Rg4+ 44. Ke5 Rxg5+ 45. Kxe6 Kd8
46. c6 h4 47. Kd6  1-0

[Event "2. BUNDESLIGA MITTE 2019/2020"]
[Site "Linz"]
[Date "2019.10.13"]
[Round "3"]
[Board "2"]
[White "Gelbenegger, Patrick"]
[Black "Hajnal, Zoltan"]
[Result "0-1"]
[WhiteElo "2259"]
[BlackElo "2386"]
[PlyCount "60"]
[EventDate "2019.10.11"]
[EventType "team"]
[EventRounds "11"]
[EventCountry "AUT"]
[WhiteTeam "SPG Nettingsdorf/Traun"]
[BlackTeam "ASK St. Valentin"]

1. e4 e5 2. Nf3 Nc6 3. Bc4 Bc5 4. c3 Nf6 5. b4 Bb6 6. d3 O-O 7. a4 a6 8. O-O h6
9. Nbd2 d6 10. Bb3 Ba7 11. a5 Nh5 12. Nc4 Be6 13. Be3 Qf6 14. Bxa7 Rxa7 15. Ne3
Nf4 16. Bc2 Raa8 17. g3 Nh3+ 18. Kg2 Ne7 19. Ng1 Nxg1 20. Kxg1 d5 21. h4 g6 22.
Qe2 Rad8 23. Nd1 d4 24. c4 g5 25. hxg5 Qxg5 26. Kg2 Ng6 27. Kh2 Nf4 28. Qf3 Bg4
29. Qh1 Qh5+ 30. Kg1 Ne2+  0-1

[Event "2. BUNDESLIGA MITTE 2019/2020"]
[Site "Linz"]
[Date "2019.10.13"]
[Round "3"]
[Board "3"]
[White "Breneis, Lukas"]
[Black "Gaertner, Markus"]
[Result "1-0"]
[WhiteElo "2240"]
[BlackElo "2139"]
[PlyCount "45"]
[EventDate "2019.10.11"]
[EventType "team"]
[EventRounds "11"]
[EventCountry "AUT"]
[WhiteTeam "ASK St. Valentin"]
[BlackTeam "SPG Nettingsdorf/Traun"]

1. g3 d5 2. Nf3 Nf6 3. Bg2 c5 4. c4 Nc6 5. O-O e6 6. cxd5 exd5 7. d4 b6 8. Nc3
Be6 9. Ne5 Nxd4 10. e3 Nf5 11. e4 Nd6 12. Nc6 Qc8 13. exd5 Bf5 14. Re1+ Kd7 15.
Qa4 Kc7 16. Bf4 Kb7 17. Ne7 Bxe7 18. Rxe7+ Bd7 19. Bxd6 Qd8 20. Qc6+ Ka6 21.
Bf1+ Ka5 22. Bxc5 Bxc6 23. b4#  1-0

[Event "2. BUNDESLIGA MITTE 2019/2020"]
[Site "Linz"]
[Date "2019.10.13"]
[Round "3"]
[Board "4"]
[White "Schloffer, Jasmin-Denise"]
[Black "Heimberger, Reinhard"]
[Result "0-1"]
[WhiteElo "2084"]
[BlackElo "2238"]
[PlyCount "82"]
[EventDate "2019.10.11"]
[EventType "team"]
[EventRounds "11"]
[EventCountry "AUT"]
[WhiteTeam "SPG Nettingsdorf/Traun"]
[BlackTeam "ASK St. Valentin"]

1. d4 d5 2. c4 e6 3. Nc3 Nf6 4. cxd5 exd5 5. Bg5 c6 6. Qc2 Be7 7. e3 O-O 8. Bd3
Nbd7 9. Nf3 Re8 10. O-O Nf8 11. Rab1 a5 12. a3 Ng6 13. Rfc1 Ne4 14. Bxe7 Qxe7
15. Na4 Bf5 16. Nb6 Rad8 17. b4 axb4 18. axb4 Rd6 19. Na4 Nh4 20. Ne1 Rf6 21.
g3 Nxf2 22. Bxf5 Rxf5 23. Ng2 Nh3+ 24. Kh1 Rf2 25. gxh4 Rxc2 26. Rxc2 Qe4 27.
Rbc1 Qf3 28. b5 cxb5 29. Nb2 f6 30. Rc7 Nf2+ 31. Kg1 Ng4 32. Nd3 Nxe3 33. Nxe3
Qxe3+ 34. Nf2 Qxd4 35. Rxb7 Qxh4 36. Ra1 b4 37. Rb1 Re2 38. Rf1 h5 39. Rb5 Qg5+
40. Kh1 Qf4 41. Kg1 h4  0-1

[Event "2. BUNDESLIGA MITTE 2019/2020"]
[Site "Linz"]
[Date "2019.10.13"]
[Round "3"]
[Board "5"]
[White "Casagrande, Harald"]
[Black "Ehs, Dominik"]
[Result "0-1"]
[WhiteElo "2301"]
[BlackElo "2087"]
[PlyCount "170"]
[EventDate "2019.10.11"]
[EventType "team"]
[EventRounds "11"]
[EventCountry "AUT"]
[WhiteTeam "ASK St. Valentin"]
[BlackTeam "SPG Nettingsdorf/Traun"]

1. c4 Nf6 2. Nf3 g6 3. b3 Bg7 4. Bb2 O-O 5. d4 d6 6. e3 Nc6 7. Be2 e5 8. O-O
Nd7 9. Nc3 f5 10. dxe5 Ndxe5 11. Qd2 Nxf3+ 12. Bxf3 Ne5 13. Bd5+ Kh8 14. f4 Ng4
15. Bf3 Nf6 16. Rfe1 Rb8 17. g3 Bd7 18. Qg2 Re8 19. Bxb7 Ng4 20. Nd1 h5 21. Bf3
Bxb2 22. Qxb2+ Kh7 23. Qd4 Qf6 24. Qxf6 Nxf6 25. Nc3 Re7 26. Nd5 Nxd5 27. cxd5
Rb4 28. Rac1 Be8 29. Rc3 a5 30. Kf2 Kg7 31. a3 Rb7 32. e4 fxe4 33. Rxe4 Rxe4
34. Bxe4 Kf6 35. h4 Bd7 36. Ke3 Bg4 37. Bc2 Bf5 38. Bd1 Bd7 39. Kd4 Be8 40. Be2
Bd7 41. Bd3 Bf5 42. Ba6 Rb6 43. Be2 Rb7 44. Bd1 Bd7 45. Bf3 Bf5 46. Re3 Bc2 47.
Kc4 Bb1 48. Kc3 Rb8 49. Re6+ Kf7 50. Re2 Bf5 51. Kc4 Bd7 52. Re3 Bb5+ 53. Kc3
Bd7 54. Re4 c5 55. dxc6 Bxc6 56. Re3 Bxf3 57. Rxf3 Ke6 58. Kc4 Rc8+ 59. Kd4 Rc1
60. b4 axb4 61. axb4 Rb1 62. Kc4 d5+ 63. Kc5 Rc1+ 64. Kb6 d4 65. b5 Kf5 66. Ra3
Ke4 67. Ra8 d3 68. Rd8 Ke3 69. Re8+ Kf3 70. Rd8 Ke2 71. Re8+ Kd1 72. Re6 d2 73.
Rxg6 Ke2 74. Rd6 Rc3 75. Rxd2+ Kxd2 76. Ka7 Ra3+ 77. Kb7 Rxg3 78. b6 Rf3 79.
Kc8 Rxf4 80. b7 Rf8+ 81. Kc7 Ke3 82. b8=Q Rxb8 83. Kxb8 Kf4 84. Kc7 Kg4 85. Kd6
Kxh4  0-1

[Event "2. BUNDESLIGA MITTE 2019/2020"]
[Site "Linz"]
[Date "2019.10.13"]
[Round "3"]
[Board "6"]
[White "Poell, Markus"]
[Black "Theuretzbacher, Klaus"]
[Result "1/2-1/2"]
[WhiteElo "2121"]
[BlackElo "2158"]
[PlyCount "84"]
[EventDate "2019.10.11"]
[EventType "team"]
[EventRounds "11"]
[EventCountry "AUT"]
[WhiteTeam "SPG Nettingsdorf/Traun"]
[BlackTeam "ASK St. Valentin"]

1. d4 Nf6 2. Bf4 g6 3. e3 Bg7 4. Nf3 d6 5. Be2 O-O 6. h3 c5 7. c3 b6 8. O-O Bb7
9. Nbd2 Nbd7 10. Bh2 Rc8 11. Qb3 Bd5 12. Qa3 Rc7 13. Rfe1 Qa8 14. c4 Bb7 15. d5
Ne8 16. e4 Bc8 17. Bd3 Ne5 18. Nxe5 Bxe5 19. Bxe5 dxe5 20. Qc3 f6 21. a4 a5 22.
Rad1 Bd7 23. b3 Nd6 24. Bc2 Qe8 25. Qg3 g5 26. Nf1 Qg6 27. Rd2 Kg7 28. f3 Rcc8
29. Ne3 Rcd8 30. Qh2 Rh8 31. g4 h5 32. Qg3 Kf7 33. Ree2 Rh7 34. Rh2 Rdh8 35.
Bb1 Rh6 36. Bc2 Qh7 37. Bb1 hxg4 38. hxg4 Kg7 39. Rxh6 Qxh6 40. Rh2 Qxh2+ 41.
Qxh2 Rxh2 42. Kxh2 Bc8  1/2-1/2

[Event "2. BUNDESLIGA MITTE 2019/2020"]
[Site "Linz"]
[Date "2019.10.13"]
[Round "3"]
[Board "1"]
[White "Nagy, Gabor"]
[Black "Perunovic, Milos"]
[Result "1/2-1/2"]
[WhiteElo "2489"]
[BlackElo "2578"]
[PlyCount "125"]
[EventDate "2019.10.11"]
[EventType "team"]
[EventRounds "11"]
[EventCountry "AUT"]
[WhiteTeam "SPG Fuerstenfeld/Hartberg 2"]
[BlackTeam "SC Pinggau-Friedberg"]

1. Nf3 c5 2. c4 Nc6 3. Nc3 e5 4. g3 g6 5. Bg2 Bg7 6. O-O Nge7 7. a3 O-O 8. Rb1
a5 9. d3 d6 10. Bd2 h6 11. Ne1 Be6 12. Nc2 d5 13. cxd5 Nxd5 14. Ne3 Nb6 15. Ne4
Qe7 16. Rc1 Nd7 17. Nc3 Nb6 18. Ned5 Nxd5 19. Nxd5 Qd6 20. Nb6 Ra6 21. Nc4 Qd8
22. Be3 Bd5 23. Bxc5 Bxg2 24. Bxf8 Bxf1 25. Bxg7 Bxe2 26. Qxe2 Kxg7 27. Nxe5
Nd4 28. Qe4 Re6 29. Rc5 Nc6 30. Nxc6 bxc6 31. Re5 Rd6 32. Kg2 Qb6 33. Re8 Rf6
34. Qe2 Qd4 35. f3 g5 36. Re4 Qd8 37. Qe3 Rd6 38. d4 Rd5 39. h4 Qb6 40. b3 Qd8
41. hxg5 hxg5 42. Re8 Qb6 43. Re5 Rxe5 44. Qxe5+ f6 45. Qe7+ Kg6 46. Qe3 Qd8
47. Qe4+ Kh6 48. a4 Qb6 49. Qe3 Qb4 50. Kh3 Qd6 51. Qe4 Kg7 52. Kg2 Qb4 53.
Qxc6 Qd2+ 54. Kh3 g4+ 55. fxg4 Qh6+ 56. Kg2 Qd2+ 57. Kh1 Qd1+ 58. Kh2 Qd2+ 59.
Qg2 Qh6+ 60. Kg1 Qe3+ 61. Kh2 Qh6+ 62. Kg1 Qe3+ 63. Kh2  1/2-1/2

[Event "2. BUNDESLIGA MITTE 2019/2020"]
[Site "Linz"]
[Date "2019.10.13"]
[Round "3"]
[Board "2"]
[White "Ftacnik, Lubomir"]
[Black "Pilaj, Herwig"]
[Result "1/2-1/2"]
[WhiteElo "2521"]
[BlackElo "2325"]
[PlyCount "105"]
[EventDate "2019.10.11"]
[EventType "team"]
[EventRounds "11"]
[EventCountry "AUT"]
[WhiteTeam "SC Pinggau-Friedberg"]
[BlackTeam "SPG Fuerstenfeld/Hartberg 2"]

1. d4 Nf6 2. Nf3 g6 3. c4 Bg7 4. Nc3 O-O 5. e4 d6 6. Be2 c5 7. d5 e6 8. O-O Re8
9. h3 exd5 10. exd5 a6 11. Bg5 h6 12. Bd2 Nbd7 13. Re1 Ne4 14. Nxe4 Rxe4 15.
Qc2 Nf6 16. Bc3 Re8 17. Bd3 Bd7 18. Rxe8+ Nxe8 19. Re1 Bxc3 20. Qxc3 b5 21. b3
b4 22. Qc1 Kg7 23. Re3 a5 24. Nd2 Qf6 25. Bc2 Kf8 26. Rf3 Qg7 27. a4 Nf6 28.
Nf1 Kg8 29. Qf4 Ne8 30. Ng3 Rd8 31. Bd3 Bc8 32. Kh2 Kf8 33. Re3 Nf6 34. Rf3 Ne8
35. Kg1 Qa1+ 36. Nf1 Qg7 37. g4 Rd7 38. Ng3 Re7 39. Ne4 Re5 40. Kh2 Ke7 41. Re3
f6 42. Ng3 Kd8 43. Rxe5 fxe5 44. Qe4 g5 45. Qg6 Qxg6 46. Bxg6 Nf6 47. f3 Bd7
48. Kg2 Ke7 49. Kf2 Kf8 50. Ke3 Kg7 51. Bf5 Be8 52. Bd3 Bd7 53. Bf5  1/2-1/2

[Event "2. BUNDESLIGA MITTE 2019/2020"]
[Site "Linz"]
[Date "2019.10.13"]
[Round "3"]
[Board "3"]
[White "Csonka, Attila"]
[Black "Milanovic, Danilo"]
[Result "0-1"]
[WhiteElo "2348"]
[BlackElo "2455"]
[PlyCount "88"]
[EventDate "2019.10.11"]
[EventType "team"]
[EventRounds "11"]
[EventCountry "AUT"]
[WhiteTeam "SPG Fuerstenfeld/Hartberg 2"]
[BlackTeam "SC Pinggau-Friedberg"]

1. e4 d5 2. exd5 Qxd5 3. Nc3 Qd8 4. d4 Nf6 5. Nf3 g6 6. Be2 Bg7 7. O-O O-O 8.
Ne5 c6 9. Be3 Nbd7 10. f4 Nb6 11. Bf3 Be6 12. Qe2 Qc7 13. g3 Rad8 14. Bf2 Bd5
15. Nxd5 cxd5 16. c3 Nc8 17. Ng4 Nxg4 18. Bxg4 Nd6 19. Rae1 e6 20. Bf3 b5 21.
a3 a5 22. Rc1 Qb6 23. b4 Ra8 24. Qd3 Nc4 25. Ra1 Ra6 26. Rfb1 Qa7 27. g4 axb4
28. Rxb4 Rxa3 29. Rxa3 Qxa3 30. f5 Nd6 31. Bg3 Ne4 32. fxe6 fxe6 33. Bxe4 Qc1+
34. Kg2 dxe4 35. Qxb5 Qxc3 36. Qc4 Qf3+ 37. Kh3 Qf7 38. Qe2 Qf3 39. Qc4 Kh8 40.
Rb3 e3 41. Qxe6 Qf1+ 42. Kh4 Bf6+ 43. g5 Bxg5+ 44. Kg4 Rf4+  0-1

[Event "2. BUNDESLIGA MITTE 2019/2020"]
[Site "Linz"]
[Date "2019.10.13"]
[Round "3"]
[Board "4"]
[White "Schnider, Gert"]
[Black "Kuba, Guenter"]
[Result "1/2-1/2"]
[WhiteElo "2423"]
[BlackElo "2338"]
[PlyCount "62"]
[EventDate "2019.10.11"]
[EventType "team"]
[EventRounds "11"]
[EventCountry "AUT"]
[WhiteTeam "SC Pinggau-Friedberg"]
[BlackTeam "SPG Fuerstenfeld/Hartberg 2"]

1. e4 e5 2. Nf3 Nc6 3. Bc4 Bc5 4. c3 Nf6 5. d4 exd4 6. e5 d5 7. Be2 Ne4 8. cxd4
Be7 9. Nc3 f6 10. exf6 Bxf6 11. O-O O-O 12. Be3 Bf5 13. Rc1 Kh8 14. Qb3 Na5 15.
Qa4 Nc6 16. Rfd1 a6 17. b4 Ne7 18. Qb3 c6 19. a4 Qd6 20. Bd3 Nxc3 21. Qxc3 Bg4
22. Be2 Nf5 23. Rd3 Bxf3 24. Bxf3 Nxe3 25. fxe3 Rae8 26. b5 axb5 27. axb5 Bg5
28. bxc6 bxc6 29. Re1 Bh4 30. Rc1 Bg5 31. Re1 Bh4  1/2-1/2

[Event "2. BUNDESLIGA MITTE 2019/2020"]
[Site "Linz"]
[Date "2019.10.13"]
[Round "3"]
[Board "5"]
[White "Spindelboeck, Gernot"]
[Black "Danner, Georg"]
[Result "1/2-1/2"]
[WhiteElo "2227"]
[BlackElo "2310"]
[PlyCount "47"]
[EventDate "2019.10.11"]
[EventType "team"]
[EventRounds "11"]
[EventCountry "AUT"]
[WhiteTeam "SPG Fuerstenfeld/Hartberg 2"]
[BlackTeam "SC Pinggau-Friedberg"]

1. d4 Nf6 2. c4 c5 3. d5 g6 4. Nc3 Bg7 5. Nf3 d6 6. g3 e5 7. Bg2 O-O 8. O-O Ne8
9. e4 Nd7 10. Ne1 f5 11. Nd3 Qe7 12. Re1 Nef6 13. f4 fxe4 14. Nxe4 Nxe4 15.
Bxe4 Qf7 16. Bg2 Rb8 17. a4 a6 18. a5 b5 19. axb6 Rxb6 20. Rf1 Qe7 21. Re1 Qf7
22. Rf1 Qe7 23. Re1 Qf7 24. Rf1  1/2-1/2

[Event "2. BUNDESLIGA MITTE 2019/2020"]
[Site "Linz"]
[Date "2019.10.13"]
[Round "3"]
[Board "1"]
[White "Leisch, Lukas"]
[Black "Haba, Petr"]
[Result "1/2-1/2"]
[WhiteElo "2340"]
[BlackElo "2470"]
[PlyCount "43"]
[EventDate "2019.10.11"]
[EventType "team"]
[EventRounds "11"]
[EventCountry "AUT"]
[WhiteTeam "SPG Freistadt/Wartberg"]
[BlackTeam "SPG Sparkasse SEDDA Grieskirchen/Schalle"]

1. c4 e6 2. Nc3 d5 3. e3 Nf6 4. Nf3 Be7 5. b3 O-O 6. Bb2 b6 7. cxd5 Nxd5 8. a3
Nxc3 9. Bxc3 Bf6 10. Qc2 Bxc3 11. Qxc3 c5 12. Be2 Bb7 13. O-O Nd7 14. Rfd1 Rc8
15. Ra2 Qe7 16. d3 Rfd8 17. Rad2 h6 18. Qb2 Nf6 19. Ne5 Nd7 20. Nf3 Nf6 21. Ne5
Nd7 22. Nf3  1/2-1/2

[Event "2. BUNDESLIGA MITTE 2019/2020"]
[Site "Linz"]
[Date "2019.10.13"]
[Round "3"]
[Board "2"]
[White "Kilgus, Georg"]
[Black "Ly, Dominik"]
[Result "1-0"]
[WhiteElo "2438"]
[BlackElo "2228"]
[PlyCount "77"]
[EventDate "2019.10.11"]
[EventType "team"]
[EventRounds "11"]
[EventCountry "AUT"]
[WhiteTeam "SPG Sparkasse SEDDA Grieskirchen/Schalle"]
[BlackTeam "SPG Freistadt/Wartberg"]

1. e4 c5 2. Nf3 Nc6 3. Bb5 g6 4. O-O Bg7 5. c3 e5 6. d4 exd4 7. cxd4 cxd4 8.
Bf4 Nge7 9. Bd6 O-O 10. Nbd2 Re8 11. Rc1 a6 12. Bc4 h6 13. Qb3 Rf8 14. Qa3 Re8
15. Qb3 Rf8 16. Bd5 b5 17. a4 b4 18. Bxc6 Nxc6 19. Bxf8 Qxf8 20. Qd5 Rb8 21.
Nc4 b3 22. e5 Nb4 23. Qxd4 d5 24. Na5 Nc2 25. Qxd5 Be6 26. Qd2 Qe8 27. Nxb3
Bxb3 28. Rxc2 Bxc2 29. Qxc2 Rb4 30. b3 Qb8 31. Rb1 Kh7 32. e6 fxe6 33. h4 e5
34. h5 e4 35. hxg6+ Kxg6 36. Nd2 Qf4 37. Re1 Qf5 38. Rxe4 Bd4 39. Re6+  1-0

[Event "2. BUNDESLIGA MITTE 2019/2020"]
[Site "Linz"]
[Date "2019.10.13"]
[Round "3"]
[Board "3"]
[White "Mayerhofer, Peter"]
[Black "Schwabeneder, Florian"]
[Result "1/2-1/2"]
[WhiteElo "2174"]
[BlackElo "2401"]
[PlyCount "116"]
[EventDate "2019.10.11"]
[EventType "team"]
[EventRounds "11"]
[EventCountry "AUT"]
[WhiteTeam "SPG Freistadt/Wartberg"]
[BlackTeam "SPG Sparkasse SEDDA Grieskirchen/Schalle"]

1. e4 e5 2. Nf3 d6 3. d4 exd4 4. Nxd4 Nf6 5. Nc3 Be7 6. Bc4 O-O 7. O-O c6 8. a4
a5 9. h3 Na6 10. Bf4 Nc5 11. Qf3 Nfd7 12. Rfd1 Qc7 13. Qg3 Ne5 14. Bh6 Bf6 15.
Bf1 Re8 16. Nf5 Bxf5 17. exf5 Qe7 18. Re1 Qf8 19. Be3 d5 20. Bf4 Ncd7 21. Rad1
Qb4 22. Bg5 Bxg5 23. Qxg5 Nf6 24. Qd2 Ned7 25. b3 Nc5 26. g4 h6 27. Bg2 Rad8
28. Nb1 Qxd2 29. Nxd2 Kf8 30. Kf1 Rxe1+ 31. Rxe1 Re8 32. Rxe8+ Kxe8 33. Ke2 Ke7
34. Ke3 Kd6 35. f3 b5 36. axb5 cxb5 37. b4 axb4 38. Kd4 Ne8 39. f4 Nc7 40. h4
N5a6 41. Nb3 Nb8 42. Na5 Nc6+ 43. Nxc6 Kxc6 44. Bf3 f6 45. Bg2 Kd6 46. Bf3 Na6
47. Bxd5 Nb8 48. Bb3 Nc6+ 49. Ke3 Kc5 50. Kd3 Nd4 51. Ke4 Ne2 52. Kf3 Nc3 53.
Ke3 Nd1+ 54. Ke4 Nb2 55. h5 Nc4 56. Kd3 Kd5 57. Ba2 Kc5 58. Bb3 Nb6  1/2-1/2